European World Leaders (Slideshow) Quiz Stats

Quiz not verified by Sporcle

Challenge
Share
Tweet
Score 0/47 Timer 20:00
0 Plays Today
% Correct
Angela Merkel
89.3%
Vladimir Putin
84%
François Hollande
83.3%
David Cameron
83.3%
Pope Francis
74%
Alexander Lukashenko
54.7%
Recep Tayyip Erdoğan
50.7%
Albert II, Prince of Monaco
49.3%
Viktor Orbán
42.7%
Mariano Rajoy
42.7%
Giorgio Napolitano
39.3%
Mark Rutte
38%
Elio Di Rupo
37.3%
Helle Thorning-Schmidt
32%
Anotonis Samaras
31.3%
Jean-Claude Juncker
31.3%
Werner Faymann
30%
Enda Kenny
28%
Prince Hans-Adam II
26%
Dalia Grybauskaitė
26%
Miloš Zeman
25.3%
Fredrik Reinfeldt
25.3%
Andrus Ansip
24%
Bronisław Komorowski
24%
% Correct
Viktor Yanukovych
24%
Jyrki Katainen
22.7%
Jens Stoltenberg
22%
Tomislav Nikolić
20%
Pedro Passos Coelho
19.3%
Bujar Nishani
18.7%
Ivo Josipovic
17.3%
Robert Fico
17.3%
Antoni Martí
16.7%
Traian Băsescu
16.7%
Atifete Jahjaga
16%
Joseph Muscat
16%
Željko Komšić
15.3%
Rosen Plevneliev
15.3%
Nicos Anastasiades
14%
Ueli Maurer
11.3%
Sigmundur Davíð
10%
Milo Đukanović
10%
Andris Berzinš
8.7%
Nikola Gruevski
8.7%
Nicolae Timofti
8.7%
Alenka Bratušek
7.3%
Anotonella Mularoni and Denis Amici
6%

You're not logged in!

Compare scores with friends on all Sporcle quizzes.
Sign Up with Email
OR
Log In

You Might Also Like...

Show Comments

Extras

Top Quizzes Today


Score Distribution

Your Account Isn't Verified!

In order to create a playlist on Sporcle, you need to verify the email address you used during registration. Go to your Sporcle Settings to finish the process.